Normal view
MARC view
Entry Personal Name
001 - CONTROL NUMBER
- control field: 167474
003 - CONTROL NUMBER IDENTIFIER
- control field: OSt
005 - DATE AND TIME OF LATEST TRANSACTION
- control field: 20220923223505.0
008 - FIXED-LENGTH DATA ELEMENTS
- fixed length control field: 220923|| aca||aabn | a|a d
040 ## - CATALOGING SOURCE
- Original cataloging agency: OSt
- Transcribing agency: OSt
100 ## - HEADING--PERSONAL NAME
- Personal name: जैन, अक्षय कुमार; शर्मा, राजेन्द्र
670 ## - SOURCE DATA FOUND
- Source citation: Work cat.: (OSt)365693: जैन, अक्षय कुमार; शर्मा, राजेन्द्र, ज्योति पुरूष, 1965
